00436 a2200109 4500001000900000005001700009008004100026245014200067100002600209700002100235773007000256ART_731120260410161554.0260409a 10aEl informe del auditor sobre el cumplimiento con las normas internacionales de información financiera y las normas contables nacionales1 aCasal, Armando Miguel1 aWainstein, Mario0 tProfesional & Empresariag- Año VIII, Nº 94 (jul. 2007)wREV70